Factores educativos asociados con el desempeño académico en las prácticas formativas del estudiante de Instrumentación Quirúrgica a causa de la pandemia por COVID-19 en la Corporación Universitaria Rafael Núñez de Cartagena, años 2017-2021. / (Registro nro. 4596)

Detalles MARC
000 -LEADER
fixed length control field 02153nam a2200277 4500
005 - DATE AND TIME OF LATEST TRANSACTION
control field 20250329165444.0
008 - FIXED-LENGTH DATA ELEMENTS--GENERAL INFORMATION
fixed length control field 180125s2021 000 0 eng d
040 ## - CATALOGING SOURCE
Original cataloging agency CO-CtgCURN
Language of cataloging spa
Transcribing agency coctgcurn
082 0# - DEWEY DECIMAL CLASSIFICATION NUMBER
Classification number INQ 2021
Item number A524
100 1# - MAIN ENTRY--PERSONAL NAME
Personal name Banda Pérez, María Isabel.
245 10 - TITLE STATEMENT
Title Factores educativos asociados con el desempeño académico en las prácticas formativas del estudiante de Instrumentación Quirúrgica a causa de la pandemia por COVID-19 en la Corporación Universitaria Rafael Núñez de Cartagena, años 2017-2021. /
Statement of responsibility, etc. María Isabel Banda Pérez; Camila A. González Guzmán; Pedro Dabar Osorio Calderón; tutores: Jaime A. Lorduy Gómez; Stephanye Carrillo González; Ruby Muñoz Baldiris.
260 ## - PUBLICATION, DISTRIBUTION, ETC.
Place of publication, distribution, etc. Cartagena de Indias :
Name of publisher, distributor, etc. Corporación Universitaria Rafael Nuñez,
Date of publication, distribution, etc. 2021.
300 ## - PHYSICAL DESCRIPTION
Extent 52 hojas.
502 ## - DISSERTATION NOTE
Dissertation note Trabajo de Grado. (Instrumentador Quirurgico). Corporación Universitaria Rafael Nuñez . Facultad de Ciencias de la Salud . Programa de Instrumentación Quirúrgica, 2021.
520 ## - SUMMARY, ETC.
Summary, etc. " La pandemia del COVID -19 obligó a las universidades en todo el mundo a cerrar sus puertas, impactando a un número sin precedente de estudiantes en todo el planeta; estudiantes, docentes y administrativos están haciendo un gran esfuerzo para sobrellevar y continuar aprendiendo durante el confinamiento. Cerrando así 175 países y comunidades, y más de 220 millones de estudiantes han visto que sus estudios han sido interrumpidos o sumamente afectados. "
650 #0 - SUBJECT ADDED ENTRY--TOPICAL TERM
Topical term or geographic name entry element Instumentacion quirurgica
Form subdivision Tesis y Disertaciones Academicas.
700 1# - ADDED ENTRY--PERSONAL NAME
Personal name González Guzmán, Camila A.
700 1# - ADDED ENTRY--PERSONAL NAME
Personal name Osorio Calderón, Pedro Dabar.
700 1# - ADDED ENTRY--PERSONAL NAME
Personal name Muñoz Baldiris, Ruby,
Titles and other words associated with a name tutor.
700 1# - ADDED ENTRY--PERSONAL NAME
Personal name Carrillo González, Stephanye,
Titles and other words associated with a name tutor.
700 1# - ADDED ENTRY--PERSONAL NAME
Personal name Lorduy Gómez, Jaime,
Titles and other words associated with a name tutor.
856 7# - ELECTRONIC LOCATION AND ACCESS
Uniform Resource Identifier <a href="https://unicurn.sharepoint.com/:b:/s/biblioteca/EWgaysgBzAhJkjyQQYh2R_8B-BCcvcmDT0WgLn9bWg94Lw?e=Xb2A2c">https://unicurn.sharepoint.com/:b:/s/biblioteca/EWgaysgBzAhJkjyQQYh2R_8B-BCcvcmDT0WgLn9bWg94Lw?e=Xb2A2c</a>
Public note Click aqui para ver el recurso en texto completo
856 7# - ELECTRONIC LOCATION AND ACCESS
Public note Click aqui para ver el recurso en texto completo
942 ## - ADDED ENTRY ELEMENTS (KOHA)
Source of classification or shelving scheme Dewey Decimal Classification
Koha item type Trabajos de grado
Classification part INQ 2021
Item part A524
Existencias
Withdrawn status Lost status Damaged status Not for loan Collection Home library Current library Shelving location Date acquired Cost, normal purchase price Total checkouts Full call number Barcode Date last seen Price effective from Koha item type
        Trabajos de grado Miguel Henríquez Emiliani Miguel Henríquez Emiliani Trabajo de grado 09/23/2018 35000.00   INQ 2021 A524 024118 03/29/2025 03/29/2025 Trabajos de grado